Provinces of China Quiz Stats

Quiz Updated Apr 3, 2013

Challenge
Share
Tweet
Score 0/34 Timer 08:00
12 Plays Today
Province % Correct
Beijing
92.4%
Hong Kong
89.7%
Shanghai
89.1%
Tibet
88.9%
Taiwan*
87.8%
Inner Mongolia
82.6%
Macau
81.4%
Sichuan
75.8%
Hunan
75.6%
Guangdong
74.8%
Hainan
73.2%
Xinjiang
72.3%
Hebei
70.5%
Hubei
70.4%
Yunnan
70.2%
Henan
70%
Shanxi
67.9%
Province % Correct
Tianjin
66.2%
Shaanxi
64.4%
Fujian
64.1%
Jilin
63.5%
Shandong
63.4%
Chongqing
62.9%
Gansu
62.8%
Guangxi
61.5%
Heilongjiang
60.2%
Qinghai
59.9%
Anhui
59.3%
Jiangsu
56.8%
Liaoning
55.3%
Zhejiang
54.1%
Ningxia
53%
Jiangxi
52.6%
Guizhou
50.1%

You're not logged in!

Compare scores with friends on all Sporcle quizzes.
Sign Up with Email
OR
Log In

You Might Also Like...

Show Comments

Extras

Top Quizzes Today


Score Distribution

Your Account Isn't Verified!

In order to create a playlist on Sporcle, you need to verify the email address you used during registration. Go to your Sporcle Settings to finish the process.